[Event "Budapest Spring op"]
[Site "Budapest"]
[Date "2018.04.25"]
[Round "8"]
[White "Szabo, Marton Mihaly"]
[Black "Erenberg, Ariel"]
[Result "1/2-1/2"]
[WhiteElo "2281"]
[BlackElo "2406"]
[PlyCount "220"]
[EventDate "2018.04.18"]
[EventType "swiss"]
[EventRounds "9"]
[EventCountry "HUN"]
[SourceTitle "CBM 184 Extra"]
[Source "ChessBase"]
[SourceDate "2018.06.28"]
[SourceVersion "1"]
[SourceVersionDate "2018.06.28"]
[SourceQuality "1"]

1. e4 c5 2. Nf3 d6 3. Bb5+ Nd7 4. 0-0 a6 5. Bd3 Ngf6 6. Re1 e6 7. c3 b5 8. Bc2 c4 9. b3 Bb7 10. Qe2 Rc8 11. Bb2 Be7 12. b4 Nb6 13. d4 cxd3 14. Bxd3 0-0 15. a3 e5 16. Nbd2 Na4 17. Reb1 Nxb2 18. Rxb2 Rxc3 19. a4 bxa4 20. Bxa6 a3 21. Rba2 Qb6 22. Bxb7 Qxb7 23. Rxa3 Rxa3 24. Rxa3 Qxb4 25. Rb3 Qc5 26. Rb7 Re8 27. h3 h6 28. Qd3 Qc1+ 29. Qf1 Qc2 30. Qb5 Bf8 31. Qb1 Qxb1+ 32. Rxb1 Ra8 33. Nh2 h5 34. Nhf1 Ra2 35. Rd1 g6 36. f3 h4 37. Nc4 Nh5 38. Nfe3 Nf4 39. Rd2 Ra1+ 40. Rd1 Ra4 41. Rd2 Ra1+ 42. Rd1 Ra6 43. Rd2 f6 44. Nd5 Nxd5 45. Rxd5 Kf7 46. Rd1 f5 47. Kf2 Ke6 48. Rd2 Bh6 49. Rc2 Bf4 50. Ke2 Ra4 51. Kf2 Bg3+ 52. Ke2 Rb4 53. Kd3 Rb3+ 54. Ke2 Rb1 55. Rb2 Rg1 56. Kd3 Bf4 57. Re2 Rd1+ 58. Kc3 Rc1+ 59. Kd3 d5 60. exd5+ Kxd5 61. Nb6+ Ke6 62. Nc4 Kf6 63. Nb2 Kg5 64. Nc4 Rd1+ 65. Kc3 Rd5 66. Ra2 Bg3 67. Ra6 Rd1 68. Nd6 Be1+ 69. Kb3 Kf4 70. Nc4 Rd3+ 71. Kb2 g5 72. Re6 Rd5 73. Rf6 Bb4 74. Kb3 Bc5 75. Rg6 Rd1 76. Nb2 Rd2 77. Kc3 Bb4+ 78. Kb3 Be7 79. Kc3 Rxg2 80. Nd3+ Kxf3 81. Ne1+ Kf2 82. Nxg2 Kxg2 83. Rg7 Bd8 84. Rg8 Ba5+ 85. Kd3 Kf3 86. Rxg5 e4+ 87. Kc2 Kf4 88. Rh5 Bd8 89. Kd2 Bf6 90. Ke2 Ke5 91. Kf2 Bd8 92. Rh8 Bb6+ 93. Ke2 f4 94. Rh5+ Kd4 95. Rf5 Bc7 96. Rf7 Bd6 97. Rf5 Be5 98. Rf8 Kd5 99. Rd8+ Bd6 100. Kf2 Ke5 101. Re8+ Kf5 102. Rc8 f3 103. Ke3 Bf4+ 104. Kf2 Bh6 105. Rh8 Bg7 106. Rh5+ Kg6 107. Rxh4 Bd4+ 108. Kg3 Be5+ 109. Kf2 Bd4+ 110. Kg3 Be5+ 1/2-1/2

[Event "Budapest Spring op"]
[Site "Budapest"]
[Date "2018.04.24"]
[Round "7"]
[White "Vajda, Levente"]
[Black "Szabo, Marton Mihaly"]
[Result "1-0"]
[WhiteElo "2577"]
[BlackElo "2281"]
[PlyCount "81"]
[EventDate "2018.04.18"]
[EventType "swiss"]
[EventRounds "9"]
[EventCountry "HUN"]
[SourceTitle "CBM 184 Extra"]
[Source "ChessBase"]
[SourceDate "2018.06.28"]
[SourceVersion "1"]
[SourceVersionDate "2018.06.28"]
[SourceQuality "1"]

1. e4 c5 2. c3 d5 3. exd5 Qxd5 4. d4 Nf6 5. Nf3 e6 6. Be3 cxd4 7. cxd4 Bb4+ 8. Nc3 0-0 9. Be2 Bd7 10. Qd3 Bc6 11. 0-0 Bxc3 12. bxc3 Nbd7 13. c4 Qa5 14. Bf4 Rac8 15. Rfc1 Rfd8 16. Bd6 Ne4 17. Be7 Re8 18. Bh4 Qf5 19. Qe3 Nef6 20. h3 h6 21. a4 Qa5 22. Bg3 b6 23. Nd2 Qa6 24. Bd3 Qb7 25. f3 Rcd8 26. a5 bxa5 27. Rcb1 Nb6 28. Rxa5 Qe7 29. Ne4 Nc8 30. Bh4 Bxe4 31. fxe4 Qd7 32. Bf2 e5 33. d5 Nh5 34. c5 Rf8 35. c6 Qc7 36. Ra6 Nb6 37. Bf1 f5 38. Qa3 Nc8 39. Rb7 Qd6 40. Bc5 Qf6 41. c7 1-0

[Event "Budapest Spring op"]
[Site "Budapest"]
[Date "2018.04.23"]
[Round "6"]
[White "Szabo, Marton Mihaly"]
[Black "Bryzgalin, Kirill"]
[Result "1-0"]
[WhiteElo "2281"]
[BlackElo "2440"]
[PlyCount "83"]
[EventDate "2018.04.18"]
[EventType "swiss"]
[EventRounds "9"]
[EventCountry "HUN"]
[SourceTitle "CBM 184 Extra"]
[Source "ChessBase"]
[SourceDate "2018.06.28"]
[SourceVersion "1"]
[SourceVersionDate "2018.06.28"]
[SourceQuality "1"]

1. e4 e5 2. Nf3 Nc6 3. Nc3 g6 4. d4 exd4 5. Nxd4 Bg7 6. Be3 d6 7. Qd2 Nxd4 8. Bxd4 Bxd4 9. Qxd4 Qf6 10. Qe3 Ne7 11. 0-0-0 Bd7 12. f4 Bc6 13. h4 0-0-0 14. Bc4 Kb8 15. g4 Qg7 16. Rhe1 h6 17. e5 Rhe8 18. Kb1 Nc8 19. a4 dxe5 20. Rxd8 Rxd8 21. fxe5 Re8 22. a5 g5 23. hxg5 hxg5 24. a6 Nb6 25. Bb5 Qg6 26. axb7 Bxb5 27. Nxb5 Qc6 28. Nd4 Qd5 29. Nb3 Nd7 30. Qxg5 Nxe5 31. Qf4 Re6 32. Qa4 Kxb7 33. Re4 a6 34. Rd4 Qh1+ 35. Ka2 Ka7 36. Re4 f6 37. g5 Qh8 38. gxf6 Qxf6 39. Qd4+ Ka8 40. Nc5 Re7 41. Qd8+ Ka7 42. Rb4 1-0

[Event "Budapest Spring op"]
[Site "Budapest"]
[Date "2018.04.22"]
[Round "5"]
[White "Langrock, Hannes"]
[Black "Szabo, Marton Mihaly"]
[Result "0-1"]
[WhiteElo "2391"]
[BlackElo "2281"]
[PlyCount "68"]
[EventDate "2018.04.18"]
[EventType "swiss"]
[EventRounds "9"]
[EventCountry "HUN"]
[SourceTitle "CBM 184 Extra"]
[Source "ChessBase"]
[SourceDate "2018.06.28"]
[SourceVersion "1"]
[SourceVersionDate "2018.06.28"]
[SourceQuality "1"]

1. d4 Nf6 2. Bf4 d5 3. e3 e6 4. Nd2 c5 5. c3 Nc6 6. Ngf3 cxd4 7. exd4 Nh5 8. Be3 Bd6 9. g3 0-0 10. Bd3 f5 11. Ne5 Nf6 12. f4 Bd7 13. 0-0 Be8 14. a4 Rc8 15. h3 Kh8 16. Rf2 Rc7 17. a5 a6 18. Qf1 Ne4 19. Nxe4 fxe4 20. Be2 Ne7 21. g4 Ng6 22. c4 Bxe5 23. fxe5 Rxf2 24. Qxf2 Rf7 25. Qg3 dxc4 26. Bxc4 Rf3 27. Qe1 Nf4 28. Bf1 Bb5 29. Bxb5 Nxh3+ 30. Kh2 axb5 31. a6 bxa6 32. Rxa6 h6 33. Rxe6 Qc8 34. d5 Qc2+ 0-1

[Event "Budapest Spring op"]
[Site "Budapest"]
[Date "2018.04.18"]
[Round "1"]
[White "Christiansen, Johan Sebastian"]
[Black "Szabo, Marton Mihaly"]
[Result "1-0"]
[WhiteElo "2498"]
[BlackElo "2281"]
[PlyCount "73"]
[EventDate "2018.04.18"]
[EventType "swiss"]
[EventRounds "9"]
[EventCountry "HUN"]
[SourceTitle "CBM 184 Extra"]
[Source "ChessBase"]
[SourceDate "2018.06.28"]
[SourceVersion "1"]
[SourceVersionDate "2018.06.28"]
[SourceQuality "1"]

1. Nf3 c5 2. c4 Nc6 3. Nc3 g6 4. g3 Bg7 5. Bg2 e5 6. a3 a5 7. 0-0 d6 8. Ne1 Be6 9. d3 Nge7 10. Nc2 d5 11. cxd5 Nxd5 12. Ne3 Nb6 13. Bxc6+ bxc6 14. Ne4 c4 15. dxc4 0-0 16. c5 Nd7 17. Qd6 Ra6 18. Rd1 Re8 19. Qd3 Ra8 20. Qc2 Qe7 21. b3 f5 22. Nd6 Reb8 23. Rb1 h6 24. Bd2 Ra6 25. b4 axb4 26. axb4 Ra2 27. Qc1 f4 28. Nf1 g5 29. b5 cxb5 30. c6 Qxd6 31. Bb4 Qc7 32. cxd7 Qd8 33. Bd6 Raa8 34. Bc7 Qf8 35. Bxb8 Rxb8 36. Qc6 Bc4 37. Qxc4+ 1-0

[Event "Bayern-chI Bank Hofmann 21st"]
[Site "Tegernsee"]
[Date "2017.11.03"]
[Round "7"]
[White "Szabo, Marton Mihaly"]
[Black "Schallner, Marc"]
[Result "1-0"]
[WhiteElo "2217"]
[BlackElo "1969"]
[PlyCount "87"]
[EventDate "2017.10.28"]
[EventType "swiss"]
[EventRounds "9"]
[EventCountry "GER"]
[SourceTitle "CBM 181 Extra"]
[Source "ChessBase"]
[SourceDate "2017.12.12"]
[SourceVersion "1"]
[SourceVersionDate "2017.12.12"]
[SourceQuality "1"]

1. e4 e5 2. Nf3 Nc6 3. Nc3 Nf6 4. a3 a6 5. d4 exd4 6. Nxd4 Bc5 7. Be3 Bxd4 8. Bxd4 0-0 9. Be2 d6 10. 0-0 Re8 11. f3 b6 12. Bf2 Bb7 13. Bc4 Ne5 14. Ba2 Qd7 15. Bh4 Qd8 16. Qd4 Ng6 17. Bxf6 Qxf6 18. Qxf6 gxf6 19. Rad1 Nf4 20. g3 Ne6 21. Bd5 Bxd5 22. Rxd5 Kg7 23. Rfd1 Rac8 24. Kf2 Nc5 25. b4 Nd7 26. Ne2 b5 27. Nd4 Nb6 28. Rh5 Nc4 29. Nf5+ Kg8 30. Rd3 Ra8 31. Nd4 Re5 32. Rh4 Ree8 33. Rc3 c5 34. Nf5 a5 35. bxc5 dxc5 36. a4 Nb2 37. Rxc5 bxa4 38. Rc7 Rf8 39. Rg4+ Kh8 40. Nh6 a3 41. Rxf7 f5 42. exf5 a2 43. Rfg7 Nd1+ 44. Kg1 1-0